Lei Eleitoral comentada

Detalles Bibliográficos
Autor principal: Mascarenhas, Paulo
Formato: eBook
Lenguaje:portugués
Publicado: Sô Paulo : Editoria mundo jurd̕ico, 2010
Materias:
Acceso en línea:http://www.vlex.com/source/6907

MARC

LEADER 00000nam a22000007a 4500
005 20130118092915.0
007 cr|||| ||||
008 130118e2010 bl |||||s|||| 00||0 por d
020 |a 978-85-88576-xx-x 
035 |a 6907 
040 |a vLex 
090 |c 3538  |d 3538 
100 1 0 |a Mascarenhas, Paulo 
245 1 0 |a Lei Eleitoral comentada  |h [Recurso electrn̤ico] 
256 |a Servicio en ln̕ea 
260 |a Sô Paulo :   |b Editoria mundo jurd̕ico,   |c 2010 
300 |a 1 Recurso electrn̤ico 
650 |a Derecho electoral  |z Brasil 
740 |a vLex Libros (Servicio en ln̕ea) 
856 |a Acceso restringido  |u http://www.vlex.com/source/6907 
942 |c BOOK 
999 0 |a Election law